| 000 -LEADER |
| fixed length control field |
01683pab a2200193 454500 |
| 008 - FIXED-LENGTH DATA ELEMENTS--GENERAL INFORMATION |
| fixed length control field |
180718b2014 xxu||||| |||| 00| 0 eng d |
| 100 ## - MAIN ENTRY--PERSONAL NAME |
| Personal name |
Prasad, D. Ravindra |
| 245 ## - TITLE STATEMENT |
| Title |
Women empowerment in urban governance in India |
| 260 ## - PUBLICATION, DISTRIBUTION, ETC. |
| Date of publication, distribution, etc. |
2014 |
| 300 ## - PHYSICAL DESCRIPTION |
| Extent |
p.426-442. |
| 362 ## - DATES OF PUBLICATION AND/OR SEQUENTIAL DESIGNATION |
| Dates of publication and/or sequential designation |
Jul-Sep |
| 520 ## - SUMMARY, ETC. |
| Summary, etc. |
In an urbanising world women constituting half the population have a very limited role in urban governance-policy and decision-making as they are not adequately and appropriately represented in the urban local bodies. The 74th Constitution Amendment Act, 1992 for the first time provided one-third representation to women in urban local self-government institutions. This has raised the question as to what key role they could play in urban governance. This article examines the role of women mayors, chairpersons and councillors in city's development and local governance. It argues that there is no difference between men and women mayors, chairpersons and councillors as regards their formal roles. There are areas, however, where women can play a catalytic role in promoting the causes of social development including women and child development. The number of women in the council though critical is not sufficient enough to neither impact the policies and decisions nor empower women. It requires capacity enhancement to build awareness, training, sharpening their skills, motivation and building confidence, and to engage in general and gender-based urban governance issues. - Reproduced. |
| 650 ## - SUBJECT ADDED ENTRY--TOPICAL TERM |
| Topical term or geographic name entry element |
Urban development - India |
| 650 ## - SUBJECT ADDED ENTRY--TOPICAL TERM |
| Topical term or geographic name entry element |
Women - India |
| 650 ## - SUBJECT ADDED ENTRY--TOPICAL TERM |
| Topical term or geographic name entry element |
Women |
| 773 ## - HOST ITEM ENTRY |
| Main entry heading |
Indian Journal of Public Administration |
| 908 ## - PUT COMMAND PARAMETER (RLIN) |
| Put command parameter |
N |
| 909 ## - |
| -- |
106578 |